| 000 | 00658nam a22002057a 4500 | ||
|---|---|---|---|
| 999 |
_c3945 _d3945 |
||
| 003 | AR-CdUCM | ||
| 008 | 190307b ||||| |||| 00| 0 spa d | ||
| 020 | _a84-221-0054-1 | ||
| 040 |
_aMUNICIPALIDAD PROVINCIAL DEL CUSCO _cBIBLIOTECA MUNICIPAL DEL CUSCO |
||
| 041 | _heng | ||
| 082 |
_a828.8 / _bB11 |
||
| 100 |
_aBallantyne, Robert Michael _912622 |
||
| 245 | _aLos cazadores de gorilas / | ||
| 260 |
_aBilbao : _bCantábrica, _c1983. |
||
| 300 |
_a75 páginas : _bIlustraciones en color _c24 cm. |
||
| 700 |
_aVersion de: Laura García Corella _912623 |
||
| 700 |
_aIlustraciones: Juan Miguel Fernández _912624 |
||
| 942 |
_2ddc _cLIBROS |
||
| 945 | _admma | ||